00921nam a22002897a 450000500170000000800410001701000100005801100100006803500100007808200140008810000420010224500640014426000300020830000100023849000270024850000130027559000410028859000410032959000410037059000420041165000320045365000340048583000350051990100070055494900530056199900170061420220329141259.0971010s1988 r 00010 d a65665 a66637 a75124 a636.9bP600aPonce de León Senti, Raquel.990784 aInvestigaciones sobre el mejoramiento genético del conejo aLa Habana :bEdica,c1988 a159 p aSerie Genética No. 1 a1992-231 aBATCH-UPDb10c20130110lUCH01h0608 aBATCH-UPDb10c20130410lUCH01h0250 aBATCH-UPDb10c20130914lUCH01h1029 aCONVERSIONb10c20130109lUCH01h133614aConejosxGenética.92636714aConejosxMejoramiento.9263710 aSerie Genética No. 19104886 aBK a636.9 P6bZcLIBROd-8058eLIBROh1371i75124si c65665d65665